Physics, theory, and applications of periodic structures in optics II : 5-7 August 2003, San Diego, California, USA /

Bibliographic Details
Corporate Author: Society of Photo-optical Instrumentation Engineers
Other Authors: Lalanne, Ph. (Philippe), 1963-
Format: Book
Language:English
Published: Bellingham, Washington : SPIE, [2003]
Series:Proceedings of SPIE--the International Society for Optical Engineering ; v. 5184.
Subjects:
Online Access:https://www.spiedigitallibrary.org/conference-proceedings-of-SPIE/5184.toc

MARC

Tag First Indicator Second Indicator Subfields
LEADER 00000cam a2200000 a 4500
001 in00001806348
005 20230629164915.7
008 040115s2003 waua b 101 0 eng d
020 |a 081945057X 
035 |a (OCoLC)ocm54028259 
040 |a LHL  |c LHL  |d TXA  |d UtOrBLW 
049 |a TXAM 
090 |a QC417  |b .P49 2003 
245 0 0 |a Physics, theory, and applications of periodic structures in optics II :  |b 5-7 August 2003, San Diego, California, USA /  |c Philippe Lalanne, chair/editor ; sponsored and published by SPIE--the International Society for Optical Engineering. 
246 3 0 |a Physics, theory and applications of periodic structures in optics two 
246 3 |a Physics, theory and applications of periodic structures in optics 2 
264 1 |a Bellingham, Washington :  |b SPIE,  |c [2003] 
264 4 |c ©2003 
300 |a ix, 248 pages :  |b illustrations ;  |c 28 cm. 
336 |a text  |b txt  |2 rdacontent 
337 |a unmediated  |b n  |2 rdamedia 
338 |a volume  |b nc  |2 rdacarrier 
490 1 |a Proceedings / SPIE--the international society for optical engineering ;  |v v. 5184 
504 |a Includes bibliographical references and index. 
650 0 |a Diffraction gratings  |v Congresses. 
650 0 |a Diffraction gratings  |x Industrial applications  |v Congresses. 
700 1 |a Lalanne, Ph.  |q (Philippe),  |d 1963- 
710 2 |a Society of Photo-optical Instrumentation Engineers. 
830 0 |a Proceedings of SPIE--the International Society for Optical Engineering ;  |v v. 5184. 
856 4 1 |u https://www.spiedigitallibrary.org/conference-proceedings-of-SPIE/5184.toc  |t 0 
948 |a cataloged  |b h  |c 2004/2/11  |d c  |e dmitchel  |f 2:30:20 pm 
994 |a E0  |b TXA 
999 |a MARS 
999 f f |s 495d7423-8f9a-3642-896c-978bf7610c0d  |i 50e8ac0c-6095-361f-87fa-bf94b449a626  |t 0 
952 f f |p ric  |a Texas A&M University  |b Rellis Campus  |c Joint Library Facility  |d Remote Storage  |t 0  |e QC417 .P49 2003  |h Library of Congress classification  |i unmediated -- volume  |m A14831194790 
998 f f |a QC417 .P49 2003  |t 0  |l Remote Storage